(KPOP Guess the idol or group based on random songs in my playlist - Statistics

General Stats
  • This quiz has been taken 54 times
  • The average score is 18 of 60
Answer Stats
Hint Answer % Correct
Ditto New Jeans
80%
War Of Hormones BTS
75%
1-800-hot-n-fun Le Sserafim
73%
She's The Rain The Rose
73%
I'll see you there tomorrow TomorrowXTogether
70%
Still Monster Enhypen
68%
Number One Girl Rose
68%
Hold On Tight Aespa
65%
Lilac IU
63%
Tempo Exo
60%
Python Got7
58%
Still With You Jungkook
58%
Sad Song P1harmony
58%
Leaves Stray Kids
58%
In Bloom Zerobaseone
58%
Midnight Fiction Illit
55%
Her Minnie
53%
28 reasons Seulgi
53%
If I say, I Love You Boynextdoor
50%
Highway To Heaven Nct 127
40%
Rush Nct Dream
38%
Watch It The Boyz
35%
Cake Kard
33%
Up Karina
33%
Songbird Nct Wish
33%
Tiger Inside SuperM
30%
Buziness XLOV
30%
Small Girl Lee Youngji
25%
Sob Close Your Eyes
23%
From Now On Shinee
23%
Panic Beomgyu
20%
Congratulations Day6
20%
X Oneus
20%
Moonwalk WayV
20%
Child Mark
18%
Do What I Want MonstaX
18%
Vanilla Kai
15%
Multiverse 1verse
13%
Pansy Taemin
13%
Lie With You Ten
13%
Blue Winter
13%
Boyfriend Yeonjun
13%
I'm Gonna Love You D.O
10%
Forever Only Jaehyun
10%
Dip it low Lucas
10%
Honestly Riize
10%
Moon Tour Taeyong
10%
Dreaming Girl Xdinary heroes
10%
Kick It 4 Now TNX
8%
Dancing By Myself Bambam
5%
Hate That Key
5%
Animals Onew
5%
Lucid Chenle
3%
Elevator Jonghyun
3%
Lonely Mark Tuan
3%
Call Back Minho
3%
Dopamine Onlyoneof
3%
I'll Never Love Again Woodz
3%
Waste No Time XngHan&Xoul
3%
To Love Someone Yuta
3%
No matching quizzes found
Score Distribution
Percent of People with Each Score
Percentile by Number Answered
Your Score History
You have not taken this quiz